00842nam a2200217 i 450000100060000000300090000600500170001500700030003200800410003510000260007624501020010225000280020426000830023230000220031549000370033770000400037483000450041485200300045999900170048995201180050645910ES-MaACL20230906161310.0t|030327s1947 mx ||||1| spa d1 aCole, G. D. H.93956310aPresente y futuro del dinero / cG. D. H. Cole ; versión española de Cristobal Lara Beautell. a[1ª ed. en español]. aMéxico : bFondo de Cultura Económica, c[1947] (fGráfica Panamericana) a433 p. ; c22 cm.1 aSección de obras de economía1 aLara Beautell, Cristóbal.91406110 aSección de obras de economía9179924 aES-MaACLjB-924 bR.28684 c45910d45910 00104070aATENEOMbATENEOMcSPBd2008-01-17eSCl0oB-924p1048298r2023-02-23 00:00:00w2023-02-23yMONOGRAFIA